| 000 | 00534nam a22001697a 4500 | ||
|---|---|---|---|
| 999 |
_c19815 _d19815 |
||
| 008 | 240323b ||||| |||| 00| 0 eng d | ||
| 020 | _a067339767X | ||
| 082 |
_aDC 808.0427 _bSch9 1988 |
||
| 100 |
_aSchwegler, Robert A. _955245 |
||
| 245 |
_aPatterns in action / _cRobert A. Schwegler. |
||
| 250 | _a2nd edition. | ||
| 260 |
_aGlenview, Illinois : _bScott, Foresman and Company, _c©1988. |
||
| 300 |
_axviii, 540 pages : _billustrations ; _c21 cm. |
||
| 500 | _aIncludes index. | ||
| 650 |
_aLiterature. _955750 |
||
| 942 |
_2ddc _cDC |
||